Fr. Conceicao Rodrigues College of Engineering

Software Engineering Fundamentals (Record no. 18973)

MARC details
000 -LEADER
fixed length control field 00308nam a2200133Ia 4500
082 ## - DEWEY DECIMAL CLASSIFICATION NUMBER
Classification number 5.1
Item number BEH
100 ## - MAIN ENTRY--PERSONAL NAME
Personal name Behforooz/Ali/ Hudson/F.J
245 ## - TITLE STATEMENT
Title Software Engineering Fundamentals
260 ## - PUBLICATION, DISTRIBUTION, ETC.
Name of publisher, distributor, etc. Oxford university press
Date of publication, distribution, etc. 2003
300 ## - PHYSICAL DESCRIPTION
Extent 661
546 ## - LANGUAGE NOTE
Language note ENGLISH
654 ## - SUBJECT ADDED ENTRY--FACETED TOPICAL TERMS
Focus term software
942 ## - ADDED ENTRY ELEMENTS (KOHA)
Koha item type BOOK
Holdings
Withdrawn status Lost status Damaged status Not for loan Collection Home library Current library Date acquired Total Checkouts Full call number Barcode Date last seen Price effective from Koha item type
        CRC Fr. Agnel's C.Rodrigues College of Engineering Fr. Agnel's C.Rodrigues College of Engineering 17/03/2023   5.1 BEH 14800 17/03/2023 17/03/2023 BOOK
        CRC Fr. Agnel's C.Rodrigues College of Engineering Fr. Agnel's C.Rodrigues College of Engineering 17/03/2023   5.1 BEH 14801 17/03/2023 17/03/2023 Reference Book